UK by Picture - M - Statistics

General Stats
  • This quiz has been taken 62 times
  • The average score is 12 of 16
Answer Stats
Picture Hint Answer % Correct
Football Club Manchester United F.C.
98%
Musician Freddie Mercury
94%
Queen Mary I
94%
Car Model Mini
91%
Charter of Rights Magna Carta
85%
Musician Paul McCartney
85%
Fruit Preserve Marmalade
83%
Savoury Food Spread Marmite
83%
Football Club Manchester City F.C.
72%
Fictional Character Mad Hatter
69%
Actor Ian McKellen
65%
Prime Minister John Major
65%
Comedy Group Monty Python
65%
Folk Dance Morris Dancing
61%
County Merseyside
59%
Football Club Millwall F.C.
37%
No matching quizzes found
Score Distribution
Percent of People with Each Score
Percentile by Number Answered
Your Score History
You have not taken this quiz